[Event "AUTO-MASTER-1249"]
[Site "http://www.queenalice.com/game.php?id=848278"]
[Date "2010.10.20"]
[Round "1"]
[White "paulogaspar"]
[Black "Artking"]
[Result "0-1"]
[WhiteElo "1944"]
[BlackElo "1933"]

1. c4 Nf6 2. d4 g6 3. Nc3 Bg7 4. e4 d6 5. Nf3 Nbd7 6. Bd3 e5 7. Bg5 c6 8. O-O
O-O 9. d5 c5 10. Nb5 Qe7 11. a3 a6 12. Nc3 Qe8 13. b4 b6 14. h3 Nh5 15. g4 Nf4
16. Bxf4 exf4 17. Rc1 Ne5 18. Be2 Ra7 19. Na4 Nxc4 20. Bxc4 b5 21. Bb3 bxa4 22.
Bxa4 Qd8 23. bxc5 dxc5 24. Rxc5 Bd7 25. e5 Qe8 26. Bxd7 Rxd7 27. Re1 Qa8 28. Qd2
Qa7 29. Rec1 Rfd8 30. Rc8 Qb7 31. Rxd8+ Rxd8 32. Rd1 Qb3 33. Qa5 Qxf3 0-1

[Event "AUTO-MASTER-1249"]
[Site "http://www.queenalice.com/game.php?id=848279"]
[Date "2010.10.20"]
[Round "1"]
[White "Artking"]
[Black "paulogaspar"]
[Result "1-0"]
[WhiteElo "1915"]
[BlackElo "1962"]

1. d4 d5 2. c4 c6 3. Nc3 Nf6 4. Nf3 g6 5. e3 Bg7 6. b3 O-O 7. Ne5 Nbd7 8. f4
Nxe5 9. fxe5 Ne8 10. Bd3 e6 11. Ba3 Qa5 12. Qc1 Bh6 13. Bxf8 Bxe3 14. b4 Bxc1
15. bxa5 Bb2 16. Bh6 Bxa1 17. Ne2 Bb2 18. O-O Ng7 19. Rb1 dxc4 20. Bxc4 Ba3 21.
Rb3 Bf8 22. a4 Rb8 23. Nc3 Nf5 24. Bf4 Nxd4 25. Rb2 Bc5 26. Kf1 Nf5 27. Ne4 Ne3+
28. Bxe3 Bxe3 29. a6 b6 30. Ke2 Bf4 31. g3 Bxe5 32. Rb3 Bd7 33. a5 b5 34. Rd3
bxc4 35. Rxd7 Rb2+ 36. Kd1 Rxh2 37. Rxa7 Ra2 38. Ra8+ 1-0

[Event "AUTO-MASTER-1249"]
[Site "http://www.queenalice.com/game.php?id=848280"]
[Date "2010.10.20"]
[Round "1"]
[White "paulogaspar"]
[Black "lelinho"]
[Result "0-1"]
[WhiteElo "1781"]
[BlackElo "2283"]

1. e4 c5 2. Nf3 d6 3. d4 cxd4 4. Nxd4 Nf6 5. Bd3 a6 6. O-O e6 7. f4 Nc6 8. c3
Be7 9. Qe2 Qc7 10. Nd2 O-O 11. N2f3 Re8 12. Qc2 b5 13. Re1 Bb7 14. e5 Nxd4 15.
Nxd4 Nd7 16. Bxh7+ Kh8 17. Re3 dxe5 18. fxe5 Nxe5 19. Rh3 Bf6 20. Be4+ Kg8 21.
Bxb7 Qxb7 22. Qh7+ Kf8 23. Be3 Ke7 24. Re1 Rh8 0-1

[Event "AUTO-MASTER-1249"]
[Site "http://www.queenalice.com/game.php?id=848281"]
[Date "2010.10.20"]
[Round "1"]
[White "lelinho"]
[Black "paulogaspar"]
[Result "1-0"]
[WhiteElo "2275"]
[BlackElo "1853"]

1. e4 e6 2. d4 g6 3. Nc3 Bg7 4. Nf3 b6 5. Be3 Bb7 6. Be2 Nc6 7. Qd2 Nf6 8. h3
O-O 9. O-O-O Re8 10. Bh6 Ne7 11. Bxg7 Kxg7 12. Bd3 a5 13. h4 Ba6 14. e5 Ng4 15.
Bxa6 Rxa6 16. h5 Nf5 17. hxg6 fxg6 18. Ne4 d5 19. Nf6 Nxf6 20. exf6+ Qxf6 21. g4
Nd6 22. Qh6+ Kf7 23. Qxh7+ Qg7 24. Ne5+ 1-0

[Event "AUTO-MASTER-1249"]
[Site "http://www.queenalice.com/game.php?id=848282"]
[Date "2010.10.20"]
[Round "1"]
[White "paulogaspar"]
[Black "falekhine"]
[Result "0-1"]
[WhiteElo "2039"]
[BlackElo "2158"]

1. e4 c6 2. d4 d5 3. e5 Bf5 4. Nf3 e6 5. Nc3 h6 6. Bd3 Bxd3 7. Qxd3 Bb4 8. Bd2
Ne7 9. O-O a6 10. a3 Ba5 11. b4 Bc7 12. h3 Nd7 13. Ne2 b6 14. Rfc1 c5 15. Ng3
cxd4 16. Qxd4 Nc6 17. Qc3 Ncxe5 18. Re1 Nxf3+ 0-1

[Event "AUTO-MASTER-1249"]
[Site "http://www.queenalice.com/game.php?id=848283"]
[Date "2010.10.20"]
[Round "1"]
[White "falekhine"]
[Black "paulogaspar"]
[Result "1-0"]
[WhiteElo "2149"]
[BlackElo "2051"]

1. d4 g6 2. c4 Bg7 3. Nc3 Nc6 4. e3 Nf6 5. Nf3 O-O 6. a3 e6 7. b4 a6 8. Bb2 Ne7
9. Bd3 Re8 10. O-O d5 11. h3 dxc4 12. Bxc4 b5 13. Bd3 Bb7 14. Rc1 Rc8 15. Nd2
Nf5 16. Nb3 Nh4 17. f3 Qd6 18. Nc5 1-0

[Event "AUTO-MASTER-1130"]
[Site "http://www.queenalice.com/game.php?id=855016"]
[Date "2010.11.5"]
[Round "2"]
[White "Matrick"]
[Black "paulogaspar"]
[Result "1-0"]
[WhiteElo "2277"]
[BlackElo "1770"]

1. e4 g6 2. d4 Bg7 3. Nc3 d6 4. Nf3 a6 5. Be2 Nf6 6. O-O O-O 7. a4 Bg4 8. h3 Bd7
9. Bg5 Bc8 10. Qd2 Nbd7 11. e5 dxe5 12. dxe5 Ne8 13. Nd5 1-0

[Event "AUTO-MASTER-1130"]
[Site "http://www.queenalice.com/game.php?id=855017"]
[Date "2010.11.5"]
[Round "2"]
[White "paulogaspar"]
[Black "Matrick"]
[Result "0-1"]
[WhiteElo "1768"]
[BlackElo "2278"]

1. c4 e5 2. Nc3 Nf6 3. e4 Bc5 4. a3 d6 5. b4 Bd4 6. Nge2 O-O 7. d3 Nc6 8. Nxd4
Nxd4 9. Be3 c5 10. bxc5 dxc5 11. h3 a6 12. a4 b6 0-1

[Event "AUTO-MASTER-1130"]
[Site "http://www.queenalice.com/game.php?id=855020"]
[Date "2010.11.5"]
[Round "2"]
[White "paulogaspar"]
[Black "SubRoger"]
[Result "0-1"]
[WhiteElo "1884"]
[BlackElo "2122"]

1. c4 Nf6 2. d4 g6 3. e4 Nxe4 4. Nf3 Bg7 5. Bd3 Nf6 6. O-O O-O 7. Nc3 c6 8. Re1
d5 9. cxd5 cxd5 10. Bf4 a6 11. Rc1 Nc6 12. a3 Bg4 13. Be2 Qb6 14. b4 Bxf3 15.
Bxf3 e6 0-1

[Event "AUTO-MASTER-1130"]
[Site "http://www.queenalice.com/game.php?id=855021"]
[Date "2010.11.5"]
[Round "2"]
[White "SubRoger"]
[Black "paulogaspar"]
[Result "1-0"]
[WhiteElo "2127"]
[BlackElo "1878"]

1. e4 g6 2. d4 Bg7 3. f4 d6 4. Nf3 a6 5. Bd3 Bg4 6. c3 Nf6 7. O-O O-O 8. Be3 c5
9. h3 cxd4 10. cxd4 Bd7 11. Nc3 b5 12. e5 dxe5 13. fxe5 Ne8 14. Qd2 e6 15. Bh6
f5 16. exf6 1-0

[Event "AUTO-MASTER-1131"]
[Site "http://www.queenalice.com/game.php?id=857928"]
[Date "2010.11.12"]
[Round "2"]
[White "paulogaspar"]
[Black "alederp"]
[Result "0-1"]
[WhiteElo "1783"]
[BlackElo "2354"]

1. c4 Nf6 2. Nc3 e5 3. e4 Bc5 4. h3 O-O 5. Nf3 Nc6 6. Be2 d6 7. O-O Bd7 8. Na4
Nxe4 9. d3 Ng3 10. Kh2 Nxf1+ 11. Qxf1 Bd4 0-1

[Event "AUTO-OPEN-1708"]
[Site "http://www.queenalice.com/game.php?id=863270"]
[Date "2010.11.24"]
[Round "3"]
[White "paulogaspar"]
[Black "PunditJi"]
[Result "0-1"]
[WhiteElo "1855"]
[BlackElo "2553"]

1. c4 Nf6 2. d4 e6 3. a3 c5 4. Nf3 cxd4 5. Nxd4 Be7 6. Nc3 O-O 7. e4 d5 8. cxd5
exd5 9. e5 Ne4 10. Qc2 Bc5 11. Nxe4 Bxd4 0-1